| 000 | 00795nam a2200217Ii 4500 | ||
|---|---|---|---|
| 003 | JO-AjNU | ||
| 008 | 230605s9999||||xx |||||||||||||| ||und|| | ||
| 017 | _a2010/8029 | ||
| 020 | _a978-977-287-948-5 | ||
| 040 |
_aJO-AjNU _bara _erda _cJO-AjNU |
||
| 041 | _aara | ||
| 050 | 1 | 4 | _aTH2031.M72.2010 |
| 100 | 3 |
_aالمصيلحي، محمود حسين, _eauthor _951475 |
|
| 245 | 0 | 0 | _aهندسة التشييد للإنشاءات العامة والمباني: الأعمال الإعتيادية |
| 250 | _aالطبعة الثانية طبعة جديدة مزيدة ومنقحة | ||
| 264 | 3 | 1 | _aالقاهرة: دار الكتب العلمية، 2010 |
| 300 | _aج1، 774ص | ||
| 336 |
_atext _btxt _2rdacontent |
||
| 337 |
_aunmediated _bn _2rdamedia |
||
| 338 |
_avolume _bnc _2rdacarrier |
||
| 999 |
_aA22740 _c26308 _d26308 |
||